00764nam a22001937a 4500003000900000005001700009008004100026040001300067100003600080245009600116250000700212260002100219300002000240490000600260520017500266942001200441999001700453952010000470IT-RoPau20220918175938.0130116b xxu||||| |||| 00| 0 eng d cIT-RoPau aGiaccardo Timoteo Giuseppe9167 aRegina degli Apostoli.bLe ragioni del titolo - I benefici del titolo - Il culto del titolo aII aRomabPSSPc1934 a394 p.c17,5 cm vI aIndice e Prospetto Avvertenza Ad Maiorem Dei Gloriam per Mariam Parte Prima Le ragioni del titolo Parte Seconda I benefici del titolo Parte Terza Il culto del titolo 2ddccBK c37763d37763 00102ddc406P_B371aPAULUSbPAULUSd2013-01-16l0oP B3r2013-01-16 00:00:00w2013-01-16yBK